000 00724nam a22002417a 4500
999 _c4365
_d4365
003 AR-CdUCM
008 190308b ||||| |||| 00| 0 spa d
020 _a84-8280-129-5
040 _aMUNICIPALIDAD PROVINCIAL DEL CUSCO
_cBIBLIOTECA MUNICIPAL DEL CUSCO
082 _a858.9 /
_bM86
100 _aMoravia, Alberto
_913778
245 _aLa Romana /
260 _aColombia :
_bOveja Negra,
_c1984.
300 _a364 paginas ;
_c18cm.
440 _aHistoria Universal de la Literatura
_n29
_913779
500 _aTraducción de: La Romana.
650 _aNovelas Italianas
_913780
650 _aSiglo XX
_98
650 _aLiteratura
_983
700 _aAlcantara, Francsico J
_913781
942 _2ddc
_cLIBROS
945 _apjha